00796nam a2200205 a 450000100100000000500170001000800410002702000150006804000250008308200200010810000370012824501020016526000640026730000210033150000700035265000290042265000450045165000620049670000320055800004392720201002045040.0140509s1993 sp 000 0 spa d a8472324095 aDO-SdBNPbspacBNPHU aR327.203bM385d1 aMartínez Lage, Santiagod1946-10aDiccionario diplomático Iberoamericano /cSantiago Martínez Lage, Amador Martínez Morcillo. aMadrid :bInstituto de Cooperación Iberoamericana,c1993. a249 p. ;c22 cm. aIncluye datos biográficos del autor en al solapa de la cubierta 4aDiplomaciavDICCIONARIOS 4aRelaciones internacionalesvDICCIONARIOS 4aAmérica latinanaxRelaciones exterioresvTERMINOLOGÍA1 aMartínez Morcillo, Amador